Оценка содержания фтора в почвах в зоне влияния АО "Алюминий Казахстана" и АО "Казахстанский электролизный завод"; Проблемы геологии и освоения недр; Т. 1
| Parent link: | Проблемы геологии и освоения недр: труды XIX Международного симпозиума имени академика М. А. Усова студентов и молодых ученых, посвященного 70-летнему юбилею Победы советского народа над фашистской Германией, Томск, 6-10 апреля 2015 г./ Национальный исследовательский Томский политехнический университет (ТПУ), Институт природных ресурсов (ИПР) ; Общество инженеров-нефтяников, международная некоммерческая организация, Студенческий чаптер ; под ред. А. Ю. Дмитриева.— , 2015 Т. 1.— [С. 634-636] |
|---|---|
| Autore principale: | |
| Ente Autore: | |
| Altri autori: | |
| Riassunto: | Заглавие с экрана |
| Lingua: | russo |
| Pubblicazione: |
|
| Serie: | Геоэкология, охрана и защита окружающей среды. Геоинформационные системы в геоэкологии |
| Soggetti: | |
| Accesso online: | http://earchive.tpu.ru/handle/11683/22725 http://www.lib.tpu.ru/fulltext/c/2015/C11/V1/296.pdf |
| Natura: | Elettronico Capitolo di libro |
| KOHA link: | https://koha.lib.tpu.ru/cgi-bin/koha/opac-detail.pl?biblionumber=615045 |
MARC
| LEADER | 00000naa2a2200000 4500 | ||
|---|---|---|---|
| 001 | 615045 | ||
| 005 | 20231101132835.0 | ||
| 035 | |a (RuTPU)RU\TPU\conf\13222 | ||
| 035 | |a RU\TPU\conf\13220 | ||
| 090 | |a 615045 | ||
| 100 | |a 20151022d2015 k y0rusy50 ca | ||
| 101 | 0 | |a rus | |
| 102 | |a RU | ||
| 105 | |a y z 100zy | ||
| 135 | |a drcn ---uucaa | ||
| 181 | 0 | |a i | |
| 182 | 0 | |a b | |
| 200 | 1 | |a Оценка содержания фтора в почвах в зоне влияния АО "Алюминий Казахстана" и АО "Казахстанский электролизный завод" |f Л. А. Макарина |g науч. рук. Н. А. Осипова | |
| 203 | |a Текст |c электронный | ||
| 225 | 1 | |a Геоэкология, охрана и защита окружающей среды. Геоинформационные системы в геоэкологии | |
| 230 | |a 1 компьютерный файл (pdf; 406 Kb) | ||
| 300 | |a Заглавие с экрана | ||
| 320 | |a [Библиогр.: с. 636 (4 назв.)] | ||
| 337 | |a Adobe Reader | ||
| 461 | 1 | |0 (RuTPU)RU\TPU\conf\12865 |t Проблемы геологии и освоения недр |o труды XIX Международного симпозиума имени академика М. А. Усова студентов и молодых ученых, посвященного 70-летнему юбилею Победы советского народа над фашистской Германией, Томск, 6-10 апреля 2015 г. |o в 2 т. |f Национальный исследовательский Томский политехнический университет (ТПУ), Институт природных ресурсов (ИПР) ; Общество инженеров-нефтяников, международная некоммерческая организация, Студенческий чаптер ; под ред. А. Ю. Дмитриева |d 2015 | |
| 463 | 1 | |0 (RuTPU)RU\TPU\conf\12868 |t Т. 1 |v [С. 634-636] | |
| 610 | 1 | |a труды учёных ТПУ | |
| 610 | 1 | |a электронный ресурс | |
| 610 | 1 | |a содержание в почвах | |
| 610 | 1 | |a фтор | |
| 610 | 1 | |a загрязненные почвы | |
| 610 | 1 | |a промышленные отходы | |
| 610 | 1 | |a Казахстан | |
| 700 | 1 | |a Макарина |b Л. А. | |
| 702 | 1 | |a Осипова |b Н. А. |c геохимик и геоэколог |c доцент Томского политехнического университета, кандидат химических наук |f 1958- |g Нина Александровна |2 stltpush |4 727 | |
| 712 | 0 | 2 | |a Национальный исследовательский Томский политехнический университет (ТПУ) |b Институт природных ресурсов (ИПР) |b Кафедра геоэкологии и геохимии (ГЭГХ) |h 259 |2 stltpush |3 (RuTPU)RU\TPU\col\18658 |
| 801 | 2 | |a RU |b 63413507 |c 20210118 |g RCR | |
| 856 | 4 | |u http://earchive.tpu.ru/handle/11683/22725 | |
| 856 | 4 | |u http://www.lib.tpu.ru/fulltext/c/2015/C11/V1/296.pdf | |
| 942 | |c BK | ||